[Event "Nice olm fin-B"]
[Site "Nice"]
[Date "1974.??.??"]
[Round "2"]
[White "Bouaziz, Slim"]
[Black "Macles, Jacques"]
[Result "1/2-1/2"]
[WhiteElo "2365"]
[BlackElo "2280"]

1.e4 e5 2.Nf3 Nc6 3.Bb5 a6 4.Ba4 Nf6 5.O-O Be7 6.Re1 b5 7.Bb3 O-O 8.c3 d6
9.h3 Nb8 10.d4 Nbd7 11.Nh4 exd4 12.cxd4 Nb6 13.Nf3 Bb7 14.Nbd2 c5 15.Bc2 Re8
16.dxc5 dxc5 17.b3 Nfd7 18.Bb2 Nf8 19.a4 Qc7 20.Qe2 Bc6 21.axb5 axb5 22.Bd3 b4
23.Bb5 Nbd7 24.Bxc6 Qxc6 25.Nc4 Ne6 26.Rxa8 Rxa8 27.Rd1 Ra7 28.Nfe5 Nxe5
29.Nxe5 Qe8 30.Nc4 Bf8 31.h4  1/2-1/2

[Event "Nice olm prel"]
[Site "Nice"]
[Date "1974.??.??"]
[Round "6"]
[White "Petersen, Finn"]
[Black "Macles, Jacques"]
[Result "0-1"]
[WhiteElo "2330"]
[BlackElo "2280"]

1.e4 e5 2.Nf3 Nc6 3.Bb5 a6 4.Ba4 Nf6 5.O-O Be7 6.Re1 b5 7.Bb3 O-O 8.c3 d6
9.h3 Nb8 10.d4 Nbd7 11.Nbd2 Bb7 12.Bc2 Re8 13.Nf1 Bf8 14.Ng3 g6 15.dxe5 dxe5
16.Bg5 h6 17.Bxf6 Nxf6 18.Qe2 Qe7 19.Rad1 Nd7 20.Nh2 Nc5 21.Rd2 Rad8 22.Red1 Rxd2
23.Rxd2 h5 24.Nf3 Bh6 25.Rd1 Ne6 26.Qd3 Qf6 27.Ne1 Bc6 28.Qf3 Nf4 29.Nf1 Qe7
30.Kh2 Bd7 31.Ne3 c6 32.Nd3 Bc8 33.b4 Kg7 34.Nc5 Kh7 35.Nb3 Bg7 36.Nc5 Bf8
37.Rd2 Kg7 38.Rd1 Rd8 39.Rxd8 Qxd8 40.Nb3 Be6 41.Qd1 Qf6 42.a3 Be7 43.Na5 Bc8
44.Qf3 Bd8 45.Nb3 Bb6 46.Kh1 Be6 47.Kh2 Qd8 48.Qd1 Qh4 49.Qf3 Qe7 50.Kh1 Qa7
51.Kh2 a5 52.Nd2 axb4 53.axb4 Qa2 54.Qd1 Qb2 55.Nb1 Bc7 56.Qd2 Kf8 57.Nd1 Qa2
58.Ne3 Ke7 59.Qd1 Bb6 60.Qd2 Bd7 61.Qd1 Ne6 62.Nd2 Qb2 63.Nb1 Nf8 64.Qd2 Be6
65.Nd1 Qa2 66.Kh1 Nd7 67.Kh2 Bc7 68.Ne3 Nb6 69.Bd3 Bd6 70.Qxa2 Bxa2 71.g3 Na4
72.Nd1 Be6 73.Kg2 f5 74.f3 Kf6 75.Nd2 Bf8 76.f4 Bd6 77.Kf3 Nb6 78.Ne3 Be7
79.g4 exf4 80.Kxf4 g5+ 81.Kf3 fxg4+ 82.hxg4 h4 83.Nf5 Bf8 84.Nd4 Bd7 85.Bf1 Na4
86.Nb1 Ke5 87.Bh3 Bxb4 88.Nxb5 Ba5 89.N5a3 Bxc3 90.Nxc3 Nxc3 91.Nc4+ Kd4
92.Nd6 Be6 93.Nf5+ Bxf5 94.exf5 Nd5 95.Bf1 Nf6  0-1

[Event "Nice olm fin-A"]
[Site "Nice"]
[Date "1974.??.??"]
[Round "6"]
[White "Jansa, Vlastimil"]
[Black "Gligoric, Svetozar"]
[Result "0-1"]
[WhiteElo "2535"]
[BlackElo "2585"]

1.e4 e5 2.Nf3 Nc6 3.Bb5 a6 4.Ba4 Nf6 5.O-O Be7 6.Re1 b5 7.Bb3 d6 8.c3 O-O
9.h3 Nb8 10.d4 Nbd7 11.Nbd2 Bb7 12.Bc2 c5 13.Nf1 Re8 14.Ng3 Bf8 15.b3 g6
16.d5 Nb6 17.Qe2 a5 18.Bd3 b4 19.Bb5 Re7 20.Bd2 Bg7 21.a3 bxc3 22.Bxc3 Nbxd5
23.exd5 Nxd5 24.Bb2 Qb6 25.Ne4 Nc7 26.Ba4 d5 27.Ned2 e4 28.Bxg7 Kxg7 29.Nh2 Ne6
30.Rac1 f5 31.f3 c4+ 32.Qf2 Qxf2+ 33.Kxf2 Nc5 34.fxe4 Nd3+ 35.Ke2 Nxc1+ 36.Rxc1 cxb3
37.Bxb3 Ba6+ 38.Ke3 dxe4 39.Rc5 Rd8 40.Bc4 Bxc4 41.Nxc4 Rd3+ 42.Ke2 Rc3 43.Nf1 Rc2+
44.Ke1 e3 45.Re5 Rxe5 46.Nxe5 f4 47.g3 e2 48.Nd2 fxg3 49.Kxe2 g2 50.Nf3 Ra2
51.Kf2 Rxa3 52.Kxg2 a4  0-1

[Event "Nice olm fin-A"]
[Site "Nice"]
[Date "1974.??.??"]
[Round "8"]
[White "Ivkov, Borislav"]
[Black "Unzicker, Wolfgang"]
[Result "1/2-1/2"]
[WhiteElo "2530"]
[BlackElo "2535"]

1.e4 e5 2.Nf3 Nc6 3.Bb5 a6 4.Ba4 Nf6 5.O-O Be7 6.Re1 b5 7.Bb3 d6 8.c3 O-O
9.h3 Nb8 10.d4 Nbd7 11.Nbd2 Bb7 12.Bc2 c5 13.Nf1 Re8 14.Ng3 Bf8 15.d5 g6
16.a4 Nb6 17.b3 Qc7 18.Bg5 Bg7 19.Qd2 bxa4 20.bxa4 a5 21.Bh6 Bc8 22.Reb1 Ra6
23.Qc1 Bxh6 24.Qxh6 Qd8 25.Ra2 Bd7 26.Ng5 Qe7 27.Rab2 Nc4 28.Rb8 Na3 29.R1b7 Qf8
30.Qxf8+ Rxf8 31.Bd1 Rxb8 32.Rxb8+ Kg7 33.Nf3 Nc4 34.Be2 Rb6 35.Ra8 Nb2 36.Rxa5 Nxa4  1/2-1/2

[Event "Nice olm fin-A"]
[Site "Nice"]
[Date "1974.??.??"]
[Round "8"]
[White "Schmid, Lothar"]
[Black "Gligoric, Svetozar"]
[Result "1/2-1/2"]
[WhiteElo "2550"]
[BlackElo "2585"]

1.e4 e5 2.Nf3 Nc6 3.Bb5 a6 4.Ba4 Nf6 5.O-O Be7 6.Re1 b5 7.Bb3 d6 8.c3 O-O
9.h3 Nb8 10.d4 Nbd7 11.Nbd2 Bb7 12.Bc2 c5 13.Nf1 Re8 14.d5 Nb6 15.b3 g6 16.Qe2 Nh5
17.Bh6 Bf8 18.Bg5 Be7 19.Bh6 Bf8 20.Bg5 Be7 21.Bh6  1/2-1/2

[Event "Nice olm fin-A"]
[Site "Nice"]
[Date "1974.??.??"]
[Round "13"]
[White "Tarjan, James Edward"]
[Black "Sully, David John"]
[Result "1-0"]
[WhiteElo "2475"]
[BlackElo "2200"]

1.e4 e5 2.Nf3 Nc6 3.Bb5 a6 4.Ba4 Nf6 5.O-O Be7 6.Re1 b5 7.Bb3 d6 8.c3 O-O
9.h3 Nb8 10.d4 Nbd7 11.Nbd2 Bb7 12.Bc2 Re8 13.a4 Bf8 14.b4 d5 15.Nxe5 dxe4
16.Ng4 Nxg4 17.hxg4 Nf6 18.g5 e3 19.Rxe3 Rxe3 20.fxe3 Nd5 21.Ne4 Qd7 22.axb5 axb5
23.Rxa8 Bxa8 24.Qh5 g6 25.Qf3 Qe8 26.Bd2 Be7 27.Bb3 Qd8 28.Qg4 Bb7 29.Nc5 Bc8
30.Qf3 c6 31.e4 Bxg5 32.Bxg5 Qxg5 33.exd5 Bg4 34.Qf2 Qc1+ 35.Kh2 Qh6+ 36.Kg3 Qg5
37.Qf4  1-0

[Event "CSR-ch"]
[Site "Rimavska Sobota"]
[Date "1974.??.??"]
[Round "14"]
[White "Kupka, Slavoj"]
[Black "Lechtynsky, Jiri"]
[Result "1/2-1/2"]
[WhiteElo "2360"]
[BlackElo "2390"]

1.e4 e5 2.Nf3 Nc6 3.Bb5 a6 4.Ba4 Nf6 5.O-O Be7 6.Re1 b5 7.Bb3 O-O 8.c3 d6
9.h3 Nb8 10.d4 Nbd7 11.Nbd2 Bb7 12.Bc2 Re8 13.b4 Bf8 14.a4 a5 15.bxa5 Rxa5
16.Rb1 Qa8 17.axb5 exd4 18.cxd4 Nxe4 19.Nxe4 Bxe4 20.Rxe4 Rxe4 21.Ng5 Rh4
22.Nxf7 Kxf7 23.Bg5 Re4 24.Qf3+ Nf6 25.Bxf6 Re1+ 26.Rxe1 Qxf3 27.gxf3 Kxf6  1/2-1/2

[Event "Candidats qf3"]
[Site "San Juan"]
[Date "1974.??.??"]
[Round "3"]
[White "Byrne, Robert E"]
[Black "Spassky, Boris V"]
[Result "0-1"]
[WhiteElo "2595"]
[BlackElo "2615"]

1.e4 e5 2.Nf3 Nc6 3.Bb5 a6 4.Ba4 Nf6 5.O-O Be7 6.Re1 b5 7.Bb3 d6 8.c3 O-O
9.h3 Nb8 10.d4 Nbd7 11.Nbd2 Bb7 12.Bc2 Re8 13.Nf1 Bf8 14.Ng3 g6 15.b3 Bg7
16.a4 d5 17.dxe5 Nxe4 18.Bxe4 dxe4 19.Bg5 exf3 20.Bxd8 Raxd8 21.axb5 Nxe5
22.bxa6 Rxd1 23.Rexd1 Ba8 24.gxf3 Nxf3+ 25.Kf1 Bxc3 26.Rac1 Nd2+ 27.Kg1 Ba5
28.b4 Nf3+ 29.Kf1 Nh2+ 30.Kg1 Nf3+ 31.Kf1 Bb6 32.Rc2 Nh2+ 33.Kg1 Nf3+ 34.Kf1 Kf8
35.Ne2 Nh2+ 36.Kg1 Nf3+ 37.Kf1 Be4 38.Ra2 Nh2+ 39.Kg1 Nf3+ 40.Kf1 Nh4 41.Nf4 Bf3
42.Rd3 g5 43.Ne2 Bg2+ 44.Ke1 Nf3+ 45.Kd1 Ne5 46.Rc3 Bd5 47.Rd2 Bc4 48.Ra3 Ra8
49.f4 gxf4 50.Nxf4 Rxa6 51.Rxa6 Bxa6 52.Nd5 Bc4 53.Nxb6 cxb6 54.Rd6 b5 55.Kd2 Ng6
56.Ke3 h5  0-1

[Event "Trencianske Teplice"]
[Site "Trencianske Teplice"]
[Date "1974.??.??"]
[Round "2"]
[White "Vogt, Lothar"]
[Black "Kovacs, Laszlo M"]
[Result "1/2-1/2"]
[WhiteElo "2430"]
[BlackElo "2390"]

1.e4 e5 2.Nf3 Nc6 3.Bb5 a6 4.Ba4 Nf6 5.O-O Be7 6.Re1 b5 7.Bb3 O-O 8.c3 d6
9.h3 Nb8 10.d4 Nbd7 11.Nbd2 Bb7 12.Bc2 Re8 13.Nf1 g6 14.a4 Bf8 15.Ng3 Bg7
16.d5 Qb8 17.axb5 axb5 18.Rxa8 Bxa8 19.b4 c6 20.dxc6 Bxc6 21.Bb3 Nb6 22.Be3 Nc4
23.Bxc4 bxc4 24.Nd2 d5 25.Bc5 Qa8 26.exd5 Nxd5 27.Nxc4 Nxc3 28.Qc2 Nb5 29.f3 Nd4
30.Qf2 Re6 31.Ne4 Bxe4 32.Rxe4  1/2-1/2

[Event "Trencianske Teplice"]
[Site "Trencianske Teplice"]
[Date "1974.??.??"]
[Round "5"]
[White "Franzen, Josef"]
[Black "Vogt, Lothar"]
[Result "0-1"]
[WhiteElo "2315"]
[BlackElo "2430"]

1.e4 e5 2.Nf3 Nc6 3.Bb5 a6 4.Ba4 Nf6 5.O-O Be7 6.Re1 b5 7.Bb3 d6 8.c3 O-O
9.h3 Nb8 10.d4 Nbd7 11.Nbd2 Bb7 12.Bc2 Re8 13.Nf1 Bf8 14.Ng3 g6 15.a4 c5
16.b3 bxa4 17.Rxa4 exd4 18.cxd4 cxd4 19.Rxd4 Qc7 20.Rc4 Qb8 21.Bf4 Ne5 22.Nxe5 dxe5
23.Bg5 Re6 24.Qf3 Ne8 25.Qg4 h5 26.Qh4 Nd6 27.Ra4 Bg7 28.Nf5 f6 29.Bh6 Bxh6
30.Nxh6+ Kh7 31.Nf5 Qe8 32.Ne3 Rc8 33.Rd1 Nb5 34.Rd2 Nd4 35.Rb4 Ba8 36.Rbxd4 exd4
37.Rxd4 g5 38.Qg3 Bxe4 39.Bxe4+ Rxe4 40.Rd5 Rc1+ 41.Kh2 Rf4 42.Nf5 Kg6 43.Qd3 Qe4
44.Ne7+ Kf7 45.Qd2 Rc2 46.Qd1 Rfxf2  0-1

[Event "Winnipeg"]
[Site "Winnipeg"]
[Date "1974.??.??"]
[Round "?"]
[White "Browne, Walter S"]
[Black "Castro Rojas, Oscar Humberto"]
[Result "1-0"]
[WhiteElo "2575"]
[BlackElo "2330"]

1.e4 Nc6 2.Nf3 e5 3.Bb5 a6 4.Ba4 Nf6 5.O-O Be7 6.Re1 b5 7.Bb3 d6 8.c3 O-O
9.h3 Nb8 10.d4 Nbd7 11.Nbd2 Bb7 12.Bc2 Re8 13.a4 Bf8 14.b4 a5 15.bxa5 Rxa5
16.Rb1 Qa8 17.dxe5 Nxe5 18.axb5 Ned7 19.c4 Nxe4 20.Nxe4 Bxe4 21.Rxe4 Rxe4
22.Ng5 Rh4 23.Nxf7 Kxf7 24.Bg5 Re4 25.Qf3+ Nf6 26.Bxf6 Re6 27.Bd8+ Qxf3 28.gxf3 Ra7
29.c5 dxc5 30.Bb3 Bd6 31.b6 cxb6 32.Re1 Ke8 33.Rxe6+ Kxd8 34.Rxd6+ Kc7 35.Re6 Ra1+
36.Kg2 b5 37.Bd5 Rc1 38.Be4 b4 39.Rc6+ Kd7 40.Rb6 Kc7 41.Rb7+ Kd6 42.Bxh7 g5
43.f4 gxf4 44.h4 f3+ 45.Kxf3 Rh1 46.Kg3 Ke5 47.f4+ Kd4  1-0

[Event "BUL-ch"]
[Site "?"]
[Date "1975.??.??"]
[Round "6"]
[White "Atanasov, Petko"]
[Black "Spiridonov, Nikola"]
[Result "1/2-1/2"]
[WhiteElo "2315"]
[BlackElo "2450"]

1.e4 e5 2.Nf3 Nc6 3.Bb5 a6 4.Ba4 Nf6 5.O-O Be7 6.Re1 b5 7.Bb3 d6 8.c3 O-O
9.h3 Nb8 10.d4 Nbd7 11.Nbd2 Bb7 12.Bc2 Re8 13.a4 Bf8 14.b4  1/2-1/2

[Event "BUL-ch"]
[Site "?"]
[Date "1975.??.??"]
[Round "9"]
[White "Antonov, Vladimir"]
[Black "Atanasov, Petko"]
[Result "1-0"]
[WhiteElo "2265"]
[BlackElo "2315"]

1.e4 e5 2.Nf3 Nc6 3.Bb5 a6 4.Ba4 Nf6 5.O-O Be7 6.Re1 b5 7.Bb3 d6 8.c3 O-O
9.h3 Nb8 10.d4 Nbd7 11.Nbd2 Bb7 12.Bc2 Re8 13.b4 Bf8 14.Bb2 g6 15.Bd3 Nb6
16.Rc1 Nfd7 17.Qb3 c5 18.bxc5 dxc5 19.Qc2 c4 20.Bf1 Qc7 21.Nb1 Rac8 22.Rcd1 exd4
23.Nxd4 Nf6 24.f3 Nh5 25.Ba3 Bxa3 26.Nxa3 Rcd8 27.Qd2 Na4 28.Nac2 Qg3 29.Rb1 Bc8
30.Kh1 Nf4 31.Re3 Nc5 32.Na3 Bb7 33.Qe1 Qg5 34.Qf2 Nh5 35.Ree1 Rd6 36.Red1 Red8
37.Be2 Na4 38.Rbc1 Ng3+ 39.Kg1 Nxe2+ 40.Qxe2 Nxc3 41.Rxc3 Rxd4 42.Rxd4  1-0

[Event "SVK-ch"]
[Site "Hlohovec"]
[Date "1975.??.??"]
[Round "10"]
[White "Privara, Igor"]
[Black "Franzen, Josef"]
[Result "1/2-1/2"]
[WhiteElo "2240"]
[BlackElo "2290"]

1.e4 e5 2.Nf3 Nc6 3.Bb5 a6 4.Ba4 Nf6 5.O-O Be7 6.Re1 b5 7.Bb3 d6 8.c3 O-O
9.h3 Nb8 10.d3 Bb7 11.Nbd2 c5 12.Nf1 Qc7 13.Ng3 c4 14.dxc4 bxc4 15.Bc2 g6
16.Bh6 Rc8 17.Nh2 Nbd7 18.Ng4 Nxg4 19.Qxg4 Nf6 20.Qe2 Nd7 21.Rad1 Nf8 22.Qg4 Rd8
23.Nf5 Bf6 24.Rd2 Bc8 25.Qg3 Rb8 26.Ne3 Be6 27.Bd1 Nd7 28.Bg4 Nb6 29.Qf3 Qe7
30.Red1 Bg7 31.Bxg7 Kxg7 32.Qe2  1/2-1/2

[Event "URS-JUG"]
[Site "Odessa"]
[Date "1975.??.??"]
[Round "3"]
[White "Romanishin, Oleg M"]
[Black "Gligoric, Svetozar"]
[Result "1-0"]
[WhiteElo "2485"]
[BlackElo "2575"]

1.e4 e5 2.Nf3 Nc6 3.Bb5 a6 4.Ba4 Nf6 5.O-O Be7 6.Re1 b5 7.Bb3 d6 8.c3 O-O
9.h3 Nb8 10.d4 Nbd7 11.Nbd2 Bb7 12.Bc2 Re8 13.Nf1 Bf8 14.Bg5 h6 15.Bh4 c5
16.dxe5 dxe5 17.N3h2 Be7 18.Ne3 Nh7 19.Bxe7 Rxe7 20.Nf5 Re6 21.a4 Ndf6 22.Qe2 Rb8
23.Qe3 Qf8 24.Nf3 h5 25.axb5 axb5 26.Ra5 Bc6 27.Ra7 Be8 28.Rc7 c4 29.Ra1 Rd8
30.b3 g6 31.Nh6+ Kh8 32.bxc4 bxc4 33.Raa7 Rd7 34.Rxd7 Nxd7 35.Ba4 Rd6 36.Bxd7 Rxd7
37.Rxd7 Bxd7 38.Nxe5 Be8 39.Nxc4 Kg7 40.Qd2 f6 41.h4 Qe7 42.Nd6 Qd7 43.Qf4 Qe6
44.g4 hxg4 45.Nxe8+ Qxe8 46.Nxg4 Qf7 47.e5 f5 48.Qh6+ Kg8 49.h5 gxh5 50.Nf6+ Nxf6
51.exf6 Qh7 52.Qxh7+ Kxh7 53.Kg2 Kg6 54.Kg3 Kxf6 55.f4  1-0

[Event "URS-JUG"]
[Site "Odessa"]
[Date "1975.??.??"]
[Round "6"]
[White "Gufeld, Eduard"]
[Black "Gligoric, Svetozar"]
[Result "1/2-1/2"]
[WhiteElo "2535"]
[BlackElo "2575"]

1.e4 e5 2.Nf3 Nc6 3.Bb5 a6 4.Ba4 Nf6 5.O-O Be7 6.Re1 b5 7.Bb3 d6 8.c3 O-O
9.h3 Nb8 10.d4 Nbd7 11.Nbd2 Bb7 12.Bc2 Re8 13.Nf1 Bf8 14.Ng3 g6 15.a4 c5
16.d5 Nb6 17.b3 bxa4 18.bxa4 a5 19.Bg5 Bg7 20.Nd2 Ba6 21.Nb3 Nbd7  1/2-1/2

[Event "URS-chT"]
[Site "Riga"]
[Date "1975.??.??"]
[Round "?"]
[White "Klovans, Janis"]
[Black "Petrosian, Arshak B"]
[Result "0-1"]
[WhiteElo "2500"]
[BlackElo "2320"]

1.e4 e5 2.Nf3 Nc6 3.Bb5 a6 4.Ba4 Nf6 5.O-O Be7 6.Re1 b5 7.Bb3 d6 8.c3 O-O
9.h3 Nb8 10.d4 Nbd7 11.Nbd2 Bb7 12.Bc2 c5 13.Nf1 Re8 14.Ng3 Bf8 15.d5 c4
16.Nf5 Nc5 17.Nh2 Kh8 18.Bg5 Bc8 19.Qf3 Bxf5 20.Qxf5 Be7 21.Bd2 Rb8 22.Nf1 Qc7
23.Ne3 Rec8 24.Qf3 g6 25.b3 Kg8 26.Rab1 cxb3 27.axb3 a5 28.b4 axb4 29.cxb4 Na4
30.Rec1 Qa7 31.Bd3 Rxc1+ 32.Rxc1 Qd4 33.Rc7 Qxd3 34.Rxe7 Qxd2 35.Qxf6 Rf8
36.Nf1 Qe1 37.Qxd6 Nc3 38.g3 Nxe4 39.Qb6 Nd2 40.Qxb5 Nf3+  0-1

[Event "SWE-ch"]
[Site "?"]
[Date "1975.??.??"]
[Round "?"]
[White "Kinnmark, Ove"]
[Black "Uddenfeldt, Dan"]
[Result "1/2-1/2"]
[WhiteElo "2385"]
[BlackElo "2280"]

1.e4 e5 2.Nf3 Nc6 3.Bb5 a6 4.Ba4 Nf6 5.O-O Be7 6.Re1 b5 7.Bb3 d6 8.c3 O-O
9.h3 Nb8 10.d4 Nbd7 11.Nbd2 c5  1/2-1/2

[Event "Hoogovens-B"]
[Site "Wijk aan Zee"]
[Date "1975.??.??"]
[Round "14"]
[White "Ciocaltea, Victor"]
[Black "Sigurjonsson, Gudmundur"]
[Result "1/2-1/2"]
[WhiteElo "2460"]
[BlackElo "2475"]

1.e4 e5 2.Nf3 Nc6 3.Bb5 a6 4.Ba4 Nf6 5.O-O Be7 6.Re1 b5 7.Bb3 d6 8.c3 O-O
9.h3 Nb8 10.d4 Nbd7 11.Nbd2 Bb7 12.Bc2 c5 13.d5 Ne8 14.Nf1 g6 15.Bh6 Ng7
16.g4 Nf6 17.Ng3 Kh8 18.a4 Ng8 19.Be3 Rb8 20.b3 Bc8 21.axb5 axb5 22.Kh2 Bd7  1/2-1/2

[Event "Capablanca mem-A 13th"]
[Site "Cienfuegos"]
[Date "1976.05.18"]
[Round "2"]
[White "Sigurjonsson, Gudmundur"]
[Black "Rodriguez, Amador"]
[Result "1/2-1/2"]
[WhiteElo "2530"]
[BlackElo "2405"]

1.e4 e5 2.Nf3 Nc6 3.Bb5 a6 4.Ba4 Nf6 5.O-O Be7 6.Re1 b5 7.Bb3 d6 8.c3 O-O
9.h3 Nb8 10.d4 Nbd7 11.Nbd2 Bb7 12.Bc2 Re8 13.Nf1 Bf8 14.Ng3 g6 15.a4 c5
16.d5 Nb6 17.a5 Nc4 18.b4 cxb4 19.cxb4 Bc8 20.Bd3 Bd7 21.Nd2 Nxd2 22.Bxd2 Bg7
23.Ra2 Qe7 24.Rf1 h5 25.Bg5 Qf8 26.Qd2 Nh7 27.Be3 Qe7 28.Rc2 Rec8 29.Rfc1 Rxc2
30.Rxc2 Rc8 31.Rxc8+ Bxc8 32.Qc1 Bb7 33.Ne2 Nf6 34.Nc3 Qd7 35.Qf1 Qc8 36.Qe1 Bf8
37.f3 Ne8 38.Qc1 Nc7 39.Kf2 Be7 40.Ke2 Qb8 41.Bf2 Bc8 42.Qe3 Bd7 43.Qb6 Qc8
44.Kd2 f5 45.Kc2 f4 46.Kb2 Kf7 47.Ne2 Ne8 48.Nc1 Qa8 49.Be1 g5 50.Nb3 Bd8
51.Qg1 Qb8 52.Bc2 Bc8 53.Bf2 Qb7 54.Bb6 Bc7 55.Bf2 h4 56.Nc1 Nf6 57.Bb3 Ke7
58.Nd3 Ne8 59.Qc1 Bd7 60.Qc3 Qb8 61.Ba2 Kd8 62.Qd2 Ke7 63.Bb3 Kf6 64.Bg1 Ke7
65.Bf2  1/2-1/2

[Event "Capablanca mem-B 13th"]
[Site "Cienfuegos"]
[Date "1976.05.27"]
[Round "11"]
[White "Hernandez, Jose de Jesus"]
[Black "Barreras, Alberto"]
[Result "1/2-1/2"]
[WhiteElo "2300"]
[BlackElo "2340"]

1.e4 e5 2.Nf3 Nc6 3.Bb5 a6 4.Ba4 Nf6 5.O-O Be7 6.Re1 O-O 7.c3 b5 8.Bb3 d6
9.h3 Nb8 10.d4 Nbd7 11.Nbd2 c5 12.Bc2 Bb7 13.Nf1 Re8 14.Ng3 g6 15.b4 c4 16.a4 Bf8
17.Bg5 Qc7 18.Qd2 Bg7 19.Bh6 Nf8 20.Ng5 Ne6 21.Nf3 Nf8 22.Bxg7 Kxg7 23.Nf1 Bc6
24.g3 Qd7 25.Kg2 h6 26.dxe5 dxe5 27.Qe3 Qc7 28.Qc5 N8d7 29.Qe3 Nf8 30.N1h2 Ne6
31.Ng4 Nxg4 32.hxg4 Rh8 33.Rh1 Rh7 34.Rhd1 Rhh8 35.Rd2 Rhd8 36.Rh1 Rh8 37.Rhd1 Rad8
38.Rxd8 Rxd8 39.Rh1 Rh8 40.Rd1 Rd8 41.Rh1  1/2-1/2

[Event "Parque Hotel"]
[Site "Buenos Aires"]
[Date "1976.??.??"]
[Round "?"]
[White "Cuasnicu, Oscar"]
[Black "Garcia Palermo, Carlos"]
[Result "1/2-1/2"]
[WhiteElo "2400"]
[BlackElo "2370"]

1.e4 e5 2.Nf3 Nc6 3.Bb5 a6 4.Ba4 Nf6 5.O-O Be7 6.Re1 b5 7.Bb3 O-O 8.h3 d6
9.c3 Nb8 10.d4 Nbd7 11.Nbd2 Bb7 12.Bc2 c5 13.Nf1 Re8 14.Ng3 Bf8 15.a4 cxd4
16.cxd4 d5 17.exd5 exd4 18.Rxe8 Qxe8 19.Nxd4 Bxd5  1/2-1/2

[Event "WchT U26 fin-A"]
[Site "Caracas"]
[Date "1976.??.??"]
[Round "2"]
[White "Sznapik, Aleksander"]
[Black "Romanishin, Oleg M"]
[Result "0-1"]
[WhiteElo "2390"]
[BlackElo "2560"]

1.e4 e5 2.Nf3 Nc6 3.Bb5 a6 4.Ba4 Nf6 5.O-O Be7 6.Re1 b5 7.Bb3 d6 8.c3 O-O
9.h3 Nb8 10.d4 Nbd7 11.Nbd2 Bb7 12.Bc2 Re8 13.b4 Bf8 14.a4 g6 15.Bb2 Bg7
16.c4 exd4 17.cxb5 axb5 18.axb5 d3 19.Bxd3 Nxe4 20.Bxe4 Bxb2 21.Rxa8 Qxa8
22.Bxb7 Rxe1+ 23.Qxe1 Qxb7 24.Qe8+ Nf8 25.Nc4 Bc3 26.Ne3 h6 27.h4 Qa7 28.Nd5 Bd4
29.Nxd4 Qa1+ 30.Kh2 Qxd4 31.Qe4 Qxe4 32.Nf6+ Kg7 33.Nxe4 Nd7 34.g4 Nf6 35.b6 cxb6
36.Nxd6 Nxg4+ 37.Kg3 Nf6 38.Kf3 Nd5 39.b5 Kf6 40.Ke4 Ke6 41.Nc4 Nc3+ 42.Kf4 Nxb5
43.Nxb6 Nd4 44.Na4 Nf5 45.Kg4 Kf6 46.h5 g5 47.Nc5 Ng7 48.Ne4+ Ke5 49.Nxg5 hxg5
50.Kxg5 Ne6+ 51.Kh6 Kf6 52.Kh7 Ng7 53.h6 Nf5 54.f4 Ke6  0-1

[Event "DDR-ch (Women)"]
[Site "Groeditz"]
[Date "1976.??.??"]
[Round "13"]
[White "Feustel, Petra"]
[Black "Bade, Heidrun"]
[Result "1/2-1/2"]
[WhiteElo "2115"]
[BlackElo "2035"]

1.e4 e5 2.Nf3 Nc6 3.Bb5 a6 4.Ba4 Nf6 5.O-O Be7 6.Re1 b5 7.Bb3 O-O 8.c3 d6
9.h3 Nb8 10.d3 c5 11.Nbd2 Qc7 12.Nf1 a5 13.Ng3 a4 14.Bc2 Re8 15.Bg5 Nbd7
16.Qd2 Nf8 17.Nf5 Bd8 18.d4 Bb7 19.dxe5 dxe5 20.Nd6 Re6 21.Nxb5 Qb6 22.c4 h6
23.Bh4 Ng6 24.Bxf6 Bxf6 25.g3 Ne7 26.b3 Rd8 27.Qc3 axb3 28.axb3 Nc6  1/2-1/2

[Event "Haifa ol (Men)"]
[Site "Haifa"]
[Date "1976.??.??"]
[Round "?"]
[White "Kuijpers, Franciscus Antonius"]
[Black "Scholz, Guillermo"]
[Result "1-0"]
[WhiteElo "2430"]
[BlackElo "2325"]

1.e4 e5 2.Nf3 Nc6 3.Bb5 a6 4.Ba4 Nf6 5.O-O Be7 6.Re1 b5 7.Bb3 d6 8.c3 O-O
9.h3 Nb8 10.d4 Nbd7 11.Nbd2 Bb7 12.Bc2 Re8 13.b3 Bf8 14.Bb2 g6 15.a4 Bg7
16.Bd3 c6 17.Qc2 Nh5 18.Bf1 Nf4 19.axb5 axb5 20.Rxa8 Bxa8 21.Ra1 Bb7 22.b4 Qb6
23.Nb3 Ne6 24.Rd1 Rd8 25.Bc1 Qc7 26.Be3 Nb6 27.Na5 Bc8 28.d5 cxd5 29.exd5 Nf4
30.Bxf4 exf4 31.Nc6 Re8 32.Bxb5 Bf5 33.Qd2 Be4 34.Re1 h6 35.c4 g5 36.Nfd4 f6
37.Na5 Re7 38.Ne6 Rxe6 39.dxe6  1-0

[Event "Hastings7677"]
[Site "Hastings"]
[Date "1976.??.??"]
[Round "9"]
[White "Damjanovic, Mato"]
[Black "Kraidman, Yair"]
[Result "1-0"]
[WhiteElo "2430"]
[BlackElo "2445"]

1.e4 e5 2.Nf3 Nc6 3.Bb5 a6 4.Ba4 Nf6 5.O-O Be7 6.Re1 b5 7.Bb3 d6 8.c3 O-O
9.h3 Nb8 10.d4 Nbd7 11.Nbd2 Bb7 12.Bc2 Re8 13.Nf1 Bf8 14.Ng3 g6 15.a4 exd4
16.cxd4 c5 17.d5 Bg7 18.Rb1 Qc7 19.b3 Re7 20.Bg5 h6 21.Bf4 Rae8 22.Qd2 Kh7
23.Rec1 Qb6 24.Bd3 Ng8 25.b4 c4 26.a5 Qc7 27.Bc2 Ne5 28.Nxe5 Bxe5 29.Bxe5 Rxe5
30.f4 R5e7 31.Rf1 Qd8 32.Qd4 Rd7 33.Rf3 Qf6 34.Qf2 Kg7 35.Rf1 Qb2 36.Rb1 Qf6
37.Rf1 Qb2 38.f5 Kh8 39.Rb1 Qe5 40.Rf1 c3 41.fxg6 fxg6 42.Ne2 Bxd5 43.Nf4 Bxe4
44.Re3 Qd4 45.Rd1 Qxb4 46.Bxe4 g5 47.Bc2 Rxe3 48.Ng6+ Kh7 49.Qxe3 Kg7 50.Ne5 Rc7
51.Qd3 Kh8 52.Qxd6 Qxd6 53.Rxd6 b4 54.Rb6 Rc5 55.Rb7 Nf6 56.Ng6+ Kg8 57.Bb3+ Nd5
58.Ne7+ Kf8 59.Nxd5 c2 60.Bxc2  1-0

[Event "Hastings7677"]
[Site "Hastings"]
[Date "1976.??.??"]
[Round "13"]
[White "Romanishin, Oleg M"]
[Black "Kraidman, Yair"]
[Result "1-0"]
[WhiteElo "2585"]
[BlackElo "2445"]

1.e4 e5 2.Nf3 Nc6 3.Bb5 a6 4.Ba4 Nf6 5.O-O Be7 6.Re1 b5 7.Bb3 d6 8.c3 O-O
9.h3 Nb8 10.d4 Nbd7 11.Nbd2 Bb7 12.Bc2 Re8 13.Nf1 Bf8 14.Bg5 h6 15.Bh4 g5
16.dxe5 Nxe5 17.Bg3 Ned7 18.N3d2 Bg7 19.Bh2 d5 20.e5 Ne4 21.Nf3 c5 22.Ne3 Nxe5
23.Nxe5 Bxe5 24.Bxe5 Rxe5 25.Qh5 Qf8 26.f4 Nf6 27.Qf3 gxf4 28.Qxf4 Rae8 29.Qxf6 Rxe3
30.Rxe3 Rxe3 31.Rf1 Bc8 32.Bg6 Be6 33.Qf4 Re2 34.Bxf7+ Qxf7 35.Qb8+ Kg7 36.Rxf7+ Bxf7
37.Qg3+ Bg6 38.Qc7+ Bf7 39.Qxc5 Rxb2 40.Qd4+ Kg8 41.Qg4+ Kh7 42.Qf5+ Kg7
43.c4 Rxa2 44.c5 Ra1+ 45.Kh2 Rc1 46.Qg4+ Kf8 47.Qd7 Be8 48.Qd6+  1-0

[Event "Stary Smokovec"]
[Site "Stary Smokovec"]
[Date "1976.??.??"]
[Round "9"]
[White "Kozlov, V."]
[Black "Franzen, Josef"]
[Result "1/2-1/2"]
[WhiteElo "2445"]
[BlackElo "2290"]

1.e4 e5 2.Nf3 Nc6 3.Bb5 a6 4.Ba4 Nf6 5.O-O Be7 6.Re1 b5 7.Bb3 d6 8.c3 O-O
9.h3 Nb8 10.d4 Nbd7 11.Nbd2 Bb7 12.Bc2 c5 13.d5 g6 14.Nf1 Nh5 15.Bh6 Ng7
16.g4 Kh8 17.Kh1 Nf6 18.Ng3 Ng8 19.Be3 Bc8 20.Rg1 f5 21.gxf5 gxf5 22.exf5 Nxf5
23.Nxf5 Bxf5 24.Ng5 Qd7 25.Kh2 Bxg5 26.Rxg5 Bxc2 27.Qxc2 Rf3 28.Rg3 Raf8
29.a4 Rxg3 30.fxg3 Ne7 31.axb5 axb5 32.Bh6 Rg8 33.Qd2 Qf5 34.g4 Qf3 35.Qg2 Qd3
36.Ra7 Nxd5 37.Rf7 e4 38.Rd7 Nf6 39.Rf7 Nd5 40.Rd7 Nf6 41.Rf7  1/2-1/2

[Event "SWE-ch"]
[Site "SWE"]
[Date "1976.??.??"]
[Round "?"]
[White "Fredriksson, Leif"]
[Black "Kinnmark, Ove"]
[Result "1/2-1/2"]
[WhiteElo "2300"]
[BlackElo "2390"]

1.e4 e5 2.Nf3 Nc6 3.Bb5 a6 4.Ba4 Nf6 5.O-O Be7 6.Re1 b5 7.Bb3 d6 8.c3 O-O
9.h3 Nb8 10.d4 Nbd7 11.Nbd2 Bb7 12.Bc2 Re8 13.Nf1 Bf8 14.Ng3 h6 15.a4 c6
16.Nf5 Qc7 17.Nh2 c5 18.d5 Kh7 19.b3 c4 20.b4 g6 21.Ne3 Bg7 22.a5  1/2-1/2

[Event "URS-FL"]
[Site "Baku"]
[Date "1977.??.??"]
[Round "13"]
[White "Timoshchenko, Gennadi A"]
[Black "Petrosian, Arshak B"]
[Result "1-0"]
[WhiteElo "2505"]
[BlackElo "2345"]

1.e4 e5 2.Nf3 Nc6 3.Bb5 a6 4.Ba4 Nf6 5.O-O Be7 6.Re1 b5 7.Bb3 d6 8.c3 O-O
9.h3 Nb8 10.d4 Nbd7 11.Nbd2 Bb7 12.Nf1 Re8 13.Ng3 Bf8 14.d5 c5 15.Bc2 c4
16.Be3 Nc5 17.Qd2 Bc8 18.Nh2 Qc7 19.Re2 Rb8 20.Rf1 a5 21.f4 exf4 22.Bxf4 b4
23.Nf3 b3 24.axb3 cxb3 25.Bd3 Nxd3 26.Qxd3 Nd7 27.Ra1 g6 28.Ree1 Bg7 29.Qd2 Ne5
30.Nxe5 Bxe5 31.Ne2 Bd7 32.Nd4 Bh8 33.Qd3 a4 34.Kh1 Ra8 35.Ra3 f5 36.Ne6 Bxe6
37.dxe6 fxe4 38.Rxe4 Qc6 39.e7 d5 40.Rexa4 Rxa4 41.Rxa4 Rxe7 42.Ra6 Qb7 43.Rd6 Re1+
44.Kh2 Be5 45.Rd8+ Kf7 46.Bg3 Ke7 47.Rxd5 Bxg3+ 48.Kxg3 Qc7+ 49.Kf2 Re6 50.Qd4 Rf6+
51.Kg1 Qc6 52.Qc5+ Qxc5+ 53.Rxc5 Rb6 54.Rc7+ Ke6 55.Rxh7 Ke5 56.Rh4 Rd6 57.Rb4 Rd2
58.Rxb3 Kf4  1-0